[Event "Taastrup Quick Weekend 10th B3"]
[Site "Taastrup"]
[Date "2009.10.04"]
[Round "5"]
[White "Andersen, Troels Baekgaard"]
[Black "Zmylon, Frederik Nielsen"]
[Result "0-1"]
[WhiteElo "1266"]
[BlackElo "1483"]
[PlyCount "96"]
[EventDate "2009.10.02"]
[EventType "tourn"]
[EventRounds "5"]
[EventCountry "DEN"]
[SourceTitle "EXT 2023"]
[Source "ChessBase"]
[SourceDate "2022.10.05"]
[SourceVersion "1"]
[SourceVersionDate "2022.10.05"]
[SourceQuality "1"]

1. d4 Nf6 2. c4 c5 3. d5 b5 4. e3 g6 5. Nf3 d6 6. h3 Bg7 7. Bd3 Nbd7 8. 0-0 bxc4 9. Bxc4 Nb6 10. Bb5+ Bd7 11. Bxd7+ Qxd7 12. Nc3 0-0 13. Re1 Qb7 14. e4 Nfd7 15. Rb1 Nc4 16. Qd3 Nde5 17. Nxe5 Nxe5 18. Qb5 Rfb8 19. Qxb7 Rxb7 20. Bg5 h6 21. Bh4 g5 22. Bg3 Nd3 23. Re3 Bxc3 24. Rxd3 Bxb2 25. Rd2 Rab8 26. Kf1 a5 27. f3 a4 28. Be1 Bd4 29. Rxb7 Rxb7 30. Bf2 Bxf2 31. Kxf2 Kg7 32. Ke3 Kf6 33. Kf2 Ke5 34. Ke3 f5 35. exf5 Kxf5 36. g4+ Ke5 37. Ke2 a3 38. Ke3 Rb2 39. Ke2 c4 40. Kd1 Rxd2+ 41. Kxd2 Kd4 42. Kc2 c3 43. Kd1 Kd3 44. f4 c2+ 45. Kc1 gxf4 46. g5 f3 47. gxh6 f2 48. h4 f1Q# 0-1

[Event "Politiken Cup 31st"]
[Site "Helsingor"]
[Date "2009.07.25"]
[Round "9"]
[White "Moller, Arne Vagn"]
[Black "Zmylon, Frederik Nielsen"]
[Result "1/2-1/2"]
[WhiteElo "1860"]
[BlackElo "1707"]
[PlyCount "83"]
[EventDate "2009.07.18"]
[EventType "swiss"]
[EventRounds "10"]
[EventCountry "DEN"]
[SourceTitle "CBM 131 Extra"]
[Source "ChessBase"]
[SourceDate "2009.09.03"]
[SourceVersion "2"]
[SourceVersionDate "2009.09.16"]
[SourceQuality "1"]

1. e4 c5 2. Nf3 Nc6 3. d4 cxd4 4. Nxd4 e5 5. Nb5 d6 6. N1c3 a6 7. Na3 b5 8. Nd5 Nge7 9. c3 Nxd5 10. exd5 Ne7 11. c4 bxc4 12. Bxc4 Bb7 13. 0-0 g6 14. f4 Bg7 15. Qa4+ Qd7 16. Qxd7+ Kxd7 17. fxe5 Bxe5 18. Rd1 Rac8 19. Rb1 a5 20. Be3 Nf5 21. Bb6 Ke7 22. b3 Bc3 23. g4 Nh6 24. Rd3 Bb4 25. Nb5 Nxg4 26. a3 Bc5+ 27. Bxc5 Rxc5 28. Re1+ Kd7 29. Nc3 Ne5 30. Rde3 Nxc4 31. Re7+ Kc8 32. bxc4 Rxc4 33. Nb5 Rg4+ 34. Kf2 Bxd5 35. Nxd6+ Kd8 36. Nxf7+ Bxf7 37. Rxf7 Ra4 38. Rb1 Kc8 39. Rc1+ Kb8 40. Rcc7 Rxa3 41. Rb7+ Ka8 42. Ra7+ 1/2-1/2

[Event "Politiken Cup 31st"]
[Site "Helsingor"]
[Date "2009.07.20"]
[Round "4"]
[White "Zmylon, Frederik Nielsen"]
[Black "Rasmussen, Morten Fredsgaard"]
[Result "0-1"]
[WhiteElo "1707"]
[BlackElo "1958"]
[PlyCount "78"]
[EventDate "2009.07.18"]
[EventType "swiss"]
[EventRounds "10"]
[EventCountry "DEN"]
[SourceTitle "CBM 131 Extra"]
[Source "ChessBase"]
[SourceDate "2009.09.03"]
[SourceVersion "2"]
[SourceVersionDate "2009.09.16"]
[SourceQuality "1"]

1. e4 c6 2. d4 d5 3. exd5 cxd5 4. c4 Nf6 5. Nc3 e6 6. Bg5 Bb4 7. Nf3 Qa5 8. Bd2 Qc7 9. Qb3 Bxc3 10. Bxc3 0-0 11. c5 Nc6 12. Bd3 Rb8 13. 0-0 b6 14. cxb6 Rxb6 15. Qc2 Qd6 16. Ne5 Nb4 17. Qe2 Nxd3 18. Nxd3 Ba6 19. Rfd1 Rc8 20. Qf3 Ne4 21. Rac1 Bxd3 22. Qxd3 Rbc6 23. Bd2 Qc7 24. Rb1 Nxd2 25. Qxd2 Rc2 26. Qe1 Kf8 27. g3 Qc4 28. b3 Qe2 29. a4 Qxe1+ 30. Rxe1 Rd2 31. Rbc1 Rcc2 32. Rxc2 Rxc2 33. Rd1 Ke7 34. Rd3 f6 35. Kg2 Kd6 36. Kf3 e5 37. dxe5+ fxe5 38. Re3 d4 39. Rd3 Kd5 0-1

[Event "Taastrup Spil Naar Du Vil IV 2003"]
[Site "Taastrup"]
[Date "2009.05.07"]
[Round "6"]
[White "Zmylon, Frederik Nielsen"]
[Black "Wadtland, Flemming"]
[Result "1-0"]
[WhiteElo "1523"]
[BlackElo "1235"]
[PlyCount "49"]
[EventDate "2009.03.26"]
[EventType "swiss"]
[EventRounds "7"]
[EventCountry "DEN"]
[SourceTitle "EXT 2023"]
[Source "ChessBase"]
[SourceDate "2022.10.05"]
[SourceVersion "1"]
[SourceVersionDate "2022.10.05"]
[SourceQuality "1"]

1. e4 e5 2. Bc4 Nf6 3. d4 Nxe4 4. dxe5 Qe7 5. Nf3 h6 6. 0-0 g5 7. Re1 Nc5 8. Be3 Nba6 9. Nc3 c6 10. Nd4 Bg7 11. Nf5 Qf8 12. Qd6 Ne6 13. Ne4 Qxd6 14. Nxg7+ Nxg7 15. exd6 b5 16. Bd4 0-0 17. Nf6+ Kh8 18. Nh5 bxc4 19. Bxg7+ Kg8 20. Bxf8 Kxf8 21. Re7 Nc5 22. Rae1 Ne6 23. Nf6 Kg7 24. Nxd7 h5 25. R1xe6 1-0

[Event "Valby K41 Aabent-ch 0809"]
[Site "Valby"]
[Date "2009.02.10"]
[Round "7"]
[White "Zmylon, Frederik Nielsen"]
[Black "Jorgensen, Orla Eilegaard"]
[Result "0-1"]
[WhiteElo "1516"]
[BlackElo "1390"]
[PlyCount "70"]
[EventDate "2008.11.11"]
[EventType "swiss"]
[EventRounds "9"]
[EventCountry "DEN"]
[SourceTitle "EXT 2023"]
[Source "ChessBase"]
[SourceDate "2022.10.05"]
[SourceVersion "1"]
[SourceVersionDate "2022.10.05"]
[SourceQuality "1"]

1. e4 d6 2. d4 Nf6 3. e5 dxe5 4. dxe5 Qxd1+ 5. Kxd1 Ng4 6. Be3 Nxe5 7. Nc3 e6 8. Be2 Bb4 9. Bd4 Nbc6 10. Bb5 0-0 11. Bxe5 Nxe5 12. Nge2 Rd8+ 13. Ke1 a6 14. Ba4 b5 15. Bb3 Bb7 16. f3 Rd7 17. a3 Ba5 18. Rd1 Rad8 19. Kf2 Bb6+ 20. Kg3 c5 21. Rxd7 Rxd7 22. Rd1 Rxd1 23. Nxd1 c4 24. Ba2 f5 25. b3 cxb3 26. Bxb3 Kf7 27. Nf4 Bc8 28. Nf2 g5 29. N4d3 Nxd3 30. Nxd3 Kf6 31. f4 gxf4+ 32. Nxf4 Bc7 33. Kf3 Bb7+ 34. Ke3 Bxf4+ 35. Kxf4 Bxg2 0-1

[Event "Bagsvard GSF 75 Years-D"]
[Site "Bagsvard"]
[Date "2008.05.27"]
[Round "6"]
[White "Jacobsen, Jesper Howalt"]
[Black "Zmylon, Frederik Nielsen"]
[Result "1-0"]
[WhiteElo "1125"]
[BlackElo "1284"]
[PlyCount "69"]
[EventDate "2008.04.15"]
[EventType "swiss"]
[EventRounds "7"]
[EventCountry "DEN"]
[SourceTitle "EXT 2023"]
[Source "ChessBase"]
[SourceDate "2022.10.05"]
[SourceVersion "1"]
[SourceVersionDate "2022.10.05"]
[SourceQuality "1"]

1. e4 c5 2. Nc3 Nc6 3. Nf3 d6 4. d4 cxd4 5. Nxd4 Nf6 6. f3 e5 7. Nxc6 bxc6 8. Bd3 Qb6 9. Qe2 Be7 10. Qf2 Ba6 11. Qxb6 axb6 12. Bxa6 Rxa6 13. 0-0 0-0 14. f4 Rfa8 15. fxe5 dxe5 16. a3 Bc5+ 17. Kh1 Bd4 18. Rf3 Ng4 19. h3 Nf2+ 20. Kh2 Bxc3 21. Rxc3 Nxe4 22. Rxc6 b5 23. Rxa6 Rxa6 24. Be3 b4 25. Rd1 Rd6 26. Rxd6 Nxd6 27. axb4 Nc4 28. Bc1 Kf8 29. b3 Nb6 30. Be3 Nd5 31. Bc5+ Ke8 32. c4 Nc7 33. Bd6 e4 34. Bxc7 e3 35. Bg3 1-0

[Event "Taastrup Quick Weekend 4th C"]
[Site "Taastrup"]
[Date "2006.10.29"]
[Round "5"]
[White "Zmylon, Frederik Nielsen"]
[Black "Nicolajsen, Mikkel"]
[Result "1-0"]
[WhiteElo "1036"]
[BlackElo "1111"]
[PlyCount "103"]
[EventDate "2006.10.27"]
[EventType "swiss"]
[EventRounds "5"]
[EventCountry "DEN"]
[SourceTitle "EXT 2023"]
[Source "ChessBase"]
[SourceDate "2022.10.05"]
[SourceVersion "1"]
[SourceVersionDate "2022.10.05"]
[SourceQuality "1"]

1. e4 c5 2. Nf3 Nc6 3. d4 cxd4 4. Nxd4 g6 5. Nc3 Bg7 6. Nf3 e6 7. Bb5 Nge7 8. Bg5 a6 9. Bxc6 bxc6 10. 0-0 f6 11. Be3 0-0 12. Qd2 d5 13. Ne2 e5 14. exd5 cxd5 15. c3 f5 16. Bh6 f4 17. Bxg7 Kxg7 18. Nxe5 Qd6 19. Qd4 Kg8 20. Nxf4 Nf5 21. Qxd5+ Qxd5 22. Nxd5 Bb7 23. Nb6 Rad8 24. Nbd7 Rfe8 25. Nf6+ Kg7 26. Nxe8+ Rxe8 27. Rfe1 Nh4 28. f3 h5 29. g3 Rxe5 30. gxh4 Rf5 31. Re7+ Rf7 32. Rxf7+ Kxf7 33. Rd1 Ke6 34. Re1+ Kf5 35. Re7 Bxf3 36. Kf2 Bd5 37. Ra7 Bxa2 38. Rxa6 Bb1 39. Ra5+ Kg4 40. Ra4+ Kh3 41. Kg1 Bc2 42. Rd4 Bb3 43. c4 Ba4 44. c5 Bc6 45. Rd6 Ba8 46. c6 Kxh4 47. c7 Bb7 48. Rb6 Bc8 49. Rb8 Bh3 50. c8Q Bxc8 51. Rxc8 g5 52. b4 1-0

[Event "Taastrup Spil Naar Du Vil 1st"]
[Site "Taastrup"]
[Date "2006.05.11"]
[Round "6"]
[White "Zmylon, Frederik Nielsen"]
[Black "Pedersen, Ole"]
[Result "0-1"]
[WhiteElo "1016"]
[BlackElo "1406"]
[PlyCount "52"]
[EventDate "2006.03.30"]
[EventType "swiss"]
[EventRounds "9"]
[EventCountry "DEN"]
[SourceTitle "EXT 2023"]
[Source "ChessBase"]
[SourceDate "2022.10.05"]
[SourceVersion "1"]
[SourceVersionDate "2022.10.05"]
[SourceQuality "1"]

1. e4 c5 2. Nc3 Nc6 3. Bc4 e6 4. Qf3 Ne5 5. Qe2 g6 6. Nf3 Nxc4 7. Qxc4 b6 8. Nb5 d6 9. Qa4 Bd7 10. e5 a6 11. Nxd6+ Bxd6 12. Qe4 Be7 13. d4 cxd4 14. Bg5 Bxg5 15. Nxg5 f6 16. exf6 Nxf6 17. Qxd4 0-0 18. 0-0-0 Qc7 19. Rhe1 Rac8 20. c3 b5 21. a3 a5 22. b4 axb4 23. axb4 Qxc3+ 24. Qxc3 Rxc3+ 25. Kb2 Rfc8 26. Rd2 R3c4 0-1

[Event "Taastrup Quick Weekend 2nd D"]
[Site "Taastrup"]
[Date "2005.11.11"]
[Round "1"]
[White "Wadtland, Flemming"]
[Black "Zmylon, Frederik Nielsen"]
[Result "1-0"]
[WhiteElo "1168"]
[BlackElo "1047"]
[PlyCount "83"]
[EventDate "2005.11.11"]
[EventType "tourn"]
[EventRounds "5"]
[EventCountry "DEN"]
[SourceTitle "EXT 2023"]
[Source "ChessBase"]
[SourceDate "2022.10.05"]
[SourceVersion "1"]
[SourceVersionDate "2022.10.05"]
[SourceQuality "1"]

1. c4 Nf6 2. Nc3 e5 3. g3 Bc5 4. e3 Nc6 5. a3 d6 6. Bg2 Bg4 7. Qc2 0-0 8. b4 Bb6 9. Qb3 a5 10. b5 Ne7 11. Bxb7 Rb8 12. Bg2 Be6 13. d4 d5 14. c5 Ba7 15. dxe5 Ne4 16. Qc2 Bf5 17. a4 Nxg3 18. e4 Nxh1 19. exf5 d4 20. Na2 d3 21. Qd2 Qd4 22. Bb2 Qxf2+ 23. Qxf2 Nxf2 24. Kxf2 Bxc5+ 25. Kf3 Bxg1 26. Rxg1 c6 27. f6 Ng6 28. Rd1 Nh4+ 29. Kf2 Nxg2 30. Kxg2 Rfd8 31. fxg7 Kxg7 32. e6+ Kf8 33. Bf6 Rd6 34. Be5 Rxe6 35. Bxb8 Re2+ 36. Kf3 Rxa2 37. bxc6 Rxa4 38. Rxd3 Rc4 39. c7 Ke7 40. Rd8 Rc3+ 41. Ke4 Rc4+ 42. Kd3 1-0